| 000 | 00432nam a2200121Ia 4500 | ||
|---|---|---|---|
| 008 | 220620s9999||||xx |||||||||||||| ||und|| | ||
| 100 | _aTakashiro Akitsu | ||
| 245 | 0 | _aChirality from Molecular Electronic States | |
| 546 | _aEnglish[eng] | ||
| 650 | _aPhysical Sciences||Engineering and Technology||Chemistry||Organic Chemistry | ||
| 856 | _uhttps://www.intechopen.com/books/chirality-from-molecular-electronic-states | ||
| 942 | _cEB | ||
| 999 |
_c22466 _d22466 |
||